000 00664nam a2200181Ia 4500
003 GCL
008 140319s9999 xx 000 0 ara d
040 _aGCL /
_cGCL
082 0 4 _a937.06
_bس ت
100 1 _aسيد احمد على الناصرى
245 1 0 _aتاريخ وحضارة الرومان : من ظهور القرية حتى سقوط الجمهورية /
_cسيد احمد على الناصرى
300 _a446 ص
490 _aالهيئة العامة للاستعلامات
_v0
650 0 4 _aالامبراطورية الرومانية
650 0 4 _aالاباطرة الرومان
650 0 4 _aايطاليا - رومان
942 _2ddc
_cBK
999 _c49869
_d49869